LEADER 01055nam a2200253 a 4500 001 000000126632 003 CaOOAMICUS 005 20111024125758.0 008 111024s2009 it u000 u ita r 040 $aPUL$bita 082 0 $a320.443 245 00$aProfilo storico e programmatico della CDU tedesca /$cPresentazione di Rocco Buttiglione. 260 $aSoveria Mannelli :$bRubbettino,$c2009. 300 $a130 p. ;$c22 cm. 504 $aBibliografia in nota. 651 4$aGermania$xStoria$ySec. XX.$0(OLS)http://pul/subject/13572 700 1 $aButtiglione, Rocco,$d1948-$0(OLS)http://pul/name/1244 850 $aPUL 852 $aPUL$W1$xDP2 Diritto e Scienze Sociali 3$y110$m320. 443 BUTRO 1$j146414$qDDC 21$B145124$CPULBib$Z2$F145124 $H117834 $82 941 1 $a9 996 $6082$a320.443$9(OLS)http://pul/classification/2122 996 $6245$aProfilo storico e programmatico della CDU tedesca$9(OLS)http://pul/title/159949 996 $6260$aSoveria Mannelli :$bRubbettino$9(OLS)http://pul/publisher/51639 LEADER 01261nam a2200301 a 4500 001 000000144460 003 CaOOAMICUS 005 20150630135320.0 008 150630s1999 it u000 u ita r 020 $a88-215-3935-0 040 $aPUL$bita 041 1 $aita$heng 100 1 $aGallagher, Michael Paul,$cS.I.$0(OLS)http://pul/name/66050 240 10$aClashing symbols.$lItaliano.$0(OLS)http://pul/title/182763 245 10$aFede e cultura :$bun rapporto cruciale e conflittuale /$cMichael Paul Gallagher. 260 $aCinisello Balsamo :$bSan Paolo,$c1999. 300 $a223 p. ;$c21 cm 490 1 $aProblemi e dibattiti ;$v42 504 $aNote bibliografiche. 650 4$aFede e cultura.$0(OLS)http://pul/subject/22984 830 0$aProblemi e dibattiti (Edizioni Paoline) ;$v42.$0(OLS)http://pul/title/182350 850 $aPUL 852 $aPUL$W1$xDP1 Fondo S. Lanza$y121$m3 G 52$j166743$qFondi$B167333$CPULBib$Z2$F167333 $HLan1128 $82 941 1 $a1 996 $6020$a88-215-3935-0$9(OLS)http://pul/number/158128 996 $6245$aFede e cultura :$bun rapporto cruciale e conflittuale$9(OLS)http://pul/title/182764 996 $6260$aCinisello Balsamo :$bSan Paolo$9(OLS)http://pul/publisher/54577